000 00534nam a22002177a 4500
999 _c458636
_d458636
001 5150453
003 UA-OsUOA
005 20200401094744.0
008 200401b un ||||| |||| 00| 0 ukr d
040 _aUA-OsUOA
_bukr
_cUA-OsUOA
_dUA-OsUOA
041 _aukr
080 _a821.161.2
090 _a821.161.2
_bР75
245 _aРосійське радянське оповідання
260 _aКиїв
_bДніпро
_c1975
300 _a350 с.
650 _2821
650 _2821
942 _2udc
_cBK
955 _a3